00441nam a2200169Ia 4500003000400000005001700004008004100021040001600062082001600078100001800094245003800112260003700150300001000187650003100197650001200228650003100240GCL20240530100155.0140319s9999 xx 000 0 eng d aGCL / cGCL04a780.92bG B1 aGUTHRIE WOODY10aBOUND FOR GLORY / cGUTHRIE WOODY a[S.N] : bPAN BOOK LTD ، c1969 a320 P04aFOLK MUSIC - UNITED STATES04aSINGERS04aWOODY GUTHRIE, 1912 - 1967